ბათუმის შოთა რუსთაველის სახელმწიფო უნივერსიტეტის ბიბლიოთეკა

Технический словарь по топливу и маслам. (ბიბ.ჩანაწერი № 47035)

000 -LEADER
fixed length control field 00637nam a2200205Ia 4500
001 - CONTROL NUMBER
control field 13891
003 - CONTROL NUMBER IDENTIFIER
control field GE_BSU
008 - FIXED-LENGTH DATA ELEMENTS--GENERAL INFORMATION
fixed length control field 181216s||||||||xx |||||||||||||| ||und||
040 ## - CATALOGING SOURCE
Transcribing agency GE_BSU
080 ## - UNIVERSAL DECIMAL CLASSIFICATION NUMBER
Universal Decimal Classification number 665.1/.3(035.5)
100 ## - MAIN ENTRY--PERSONAL NAME
Personal name Папок,К.К. Рагозин,Н.А.
245 ## - TITLE STATEMENT
Title Технический словарь по топливу и маслам.
245 ## - TITLE STATEMENT
Statement of responsibility, etc. Ред. Н.Г.Пучков.
260 ## - PUBLICATION, DISTRIBUTION, ETC.
Place of publication, distribution, etc. М.
260 ## - PUBLICATION, DISTRIBUTION, ETC.
Name of publisher, distributor, etc. Гостоптехиздат.
260 ## - PUBLICATION, DISTRIBUTION, ETC.
Date of publication, distribution, etc. 1951.
300 ## - PHYSICAL DESCRIPTION
Extent 202 стр. с илл. 22 см.
653 ## - INDEX TERM--UNCONTROLLED
Uncontrolled term Технический словарь по топливу и маслам.
942 ## - ADDED ENTRY ELEMENTS (KOHA)
Koha item type წიგნი

არაა ხელმისაწვდომი ეგზემპლარები.